<?xml version="1.0" encoding="UTF-8"?>
<record
    xmlns:xsi="http://www.w3.org/2001/XMLSchema-instance"
    xsi:schemaLocation="http://www.loc.gov/MARC21/slim http://www.loc.gov/standards/marcxml/schema/MARC21slim.xsd"
    xmlns="http://www.loc.gov/MARC21/slim">

  <leader>01151    a2200265   4500</leader>
  <datafield tag="999" ind1=" " ind2=" ">
    <subfield code="c">991</subfield>
    <subfield code="d">991</subfield>
  </datafield>
  <controlfield tag="003">0</controlfield>
  <controlfield tag="005">20181208153127.0</controlfield>
  <controlfield tag="008">080903t        xxu||||| |||| 00| 0 hin d</controlfield>
  <datafield tag="010" ind1=" " ind2=" ">
    <subfield code="a">HIN-78911</subfield>
  </datafield>
  <datafield tag="020" ind1=" " ind2=" ">
    <subfield code="c">99.00</subfield>
    <subfield code="a">8183331394</subfield>
  </datafield>
  <datafield tag="035" ind1=" " ind2=" ">
    <subfield code="a">HN-51257 ,B-237527</subfield>
  </datafield>
  <datafield tag="035" ind1=" " ind2=" ">
    <subfield code="a">B-237553</subfield>
  </datafield>
  <datafield tag="037" ind1=" " ind2=" ">
    <subfield code="b">D.B.Act / pub</subfield>
  </datafield>
  <datafield tag="040" ind1=" " ind2=" ">
    <subfield code="c">0</subfield>
  </datafield>
  <datafield tag="082" ind1=" " ind2=" ">
    <subfield code="a">621.384560288</subfield>
  </datafield>
  <datafield tag="245" ind1=" " ind2=" ">
    <subfield code="a">&#x92E;&#x93E;&#x901;&#x921;&#x930;&#x94D;&#x928; &#x938;&#x940; &#x921;&#x940; &#x90F;&#x92E; &#x938;&#x940; &#x92E;&#x94B;&#x92C;&#x93E;&#x908;&#x932; &#x92B;&#x94B;&#x928;:&#x92A;&#x94D;&#x930;&#x947;&#x915;&#x94D;&#x91F;&#x93F;&#x915;&#x932; &#x91F;&#x94D;&#x930;&#x92C;&#x932;&#x936;&#x942;&#x91F;&#x93F;&#x902;&#x917;/&#x930;&#x93F;&#x92A;&#x947;&#x930;&#x93F;&#x902;&#x917;</subfield>
    <subfield code="c">&#x92E;&#x928;&#x939;&#x930; &#x932;&#x94B;&#x91F;&#x93F;&#x92F;&#x93E; &#x906;&#x926;&#x93F;</subfield>
  </datafield>
  <datafield tag="246" ind1=" " ind2=" ">
    <subfield code="a">Modern C,D.M.A.Mobile Phone</subfield>
  </datafield>
  <datafield tag="260" ind1=" " ind2=" ">
    <subfield code="a">&#x928;&#x908; &#x926;&#x93F;&#x932;&#x94D;&#x932;&#x940;</subfield>
    <subfield code="b">&#x92C;&#x940; &#x92A;&#x940; &#x92C;&#x940; &#x92A;&#x92C;&#x94D;&#x932;&#x93F;&#x915;&#x947;&#x936;&#x902;&#x938;</subfield>
    <subfield code="c">2006</subfield>
  </datafield>
  <datafield tag="270" ind1=" " ind2=" ">
    <subfield code="a">&#x92C;&#x940;-14,&#x915;&#x901;&#x928;&#x93E;&#x91F; &#x92A;&#x94D;&#x932;&#x947;&#x938;</subfield>
    <subfield code="b">&#x928;&#x908; &#x926;&#x93F;&#x932;&#x94D;&#x932;&#x940;</subfield>
    <subfield code="e">110001</subfield>
  </datafield>
  <datafield tag="300" ind1=" " ind2=" ">
    <subfield code="a">iv,131&#x92A;&#x943;</subfield>
    <subfield code="c">24&#x938;&#x947;&#x92E;&#x940; (&#x905;&#x91C;&#x93F;&#x932;&#x94D;&#x926;)</subfield>
  </datafield>
  <datafield tag="700" ind1=" " ind2=" ">
    <subfield code="a">&#x91F;&#x93E;&#x902;&#x915;, &#x936;&#x948;&#x932;&#x947;&#x937;</subfield>
  </datafield>
  <datafield tag="700" ind1=" " ind2=" ">
    <subfield code="a">&#x928;&#x93E;&#x92F;&#x930;, &#x92A;&#x94D;&#x930;&#x926;&#x940;&#x92A;</subfield>
  </datafield>
  <datafield tag="700" ind1=" " ind2=" ">
    <subfield code="a">&#x905;&#x917;&#x94D;&#x930;&#x935;&#x93E;&#x932;, &#x92E;&#x939;&#x947;&#x936;</subfield>
  </datafield>
  <datafield tag="942" ind1=" " ind2=" ">
    <subfield code="a">dpl</subfield>
    <subfield code="c">HN</subfield>
    <subfield code="k">621.384560288 / &#x92E;&#x93E;&#x901;&#x921;&#x930;&#x94D;&#x928;</subfield>
    <subfield code="2">ddc</subfield>
    <subfield code="h">621.384560288</subfield>
    <subfield code="m">&#x92E;&#x93E;&#x901;&#x921;&#x930;&#x94D;&#x928;</subfield>
  </datafield>
  <datafield tag="952" ind1=" " ind2=" ">
    <subfield code="0">0</subfield>
    <subfield code="1">0</subfield>
    <subfield code="4">0</subfield>
    <subfield code="7">1</subfield>
    <subfield code="8">NFIC</subfield>
    <subfield code="a">DBAD</subfield>
    <subfield code="b">DBAD</subfield>
    <subfield code="d">2008-09-03</subfield>
    <subfield code="g">99.00</subfield>
    <subfield code="l">0</subfield>
    <subfield code="o">621.384560288 &#x92E;&#x93E;&#x901;&#x921;&#x930;&#x94D;&#x928;</subfield>
    <subfield code="p">HN-51257</subfield>
    <subfield code="r">2008-09-15 00:00:00</subfield>
    <subfield code="t">1</subfield>
    <subfield code="u">1056</subfield>
    <subfield code="v">99.00</subfield>
    <subfield code="w">2008-09-15</subfield>
    <subfield code="y">HN</subfield>
  </datafield>
  <datafield tag="952" ind1=" " ind2=" ">
    <subfield code="0">0</subfield>
    <subfield code="1">0</subfield>
    <subfield code="2">ddc</subfield>
    <subfield code="4">0</subfield>
    <subfield code="7">0</subfield>
    <subfield code="8">NFIC</subfield>
    <subfield code="a">TN</subfield>
    <subfield code="b">TN</subfield>
    <subfield code="d">2018-08-16</subfield>
    <subfield code="e">BPPD/PUB</subfield>
    <subfield code="g">99.00</subfield>
    <subfield code="l">0</subfield>
    <subfield code="o">621.384560288 &#x92E;&#x93E;&#x901;&#x921;&#x930;&#x94D;&#x928;</subfield>
    <subfield code="p">B-237527</subfield>
    <subfield code="r">2018-08-16 00:00:00</subfield>
    <subfield code="v">99.00</subfield>
    <subfield code="w">2018-08-16</subfield>
    <subfield code="y">HN</subfield>
  </datafield>
  <datafield tag="952" ind1=" " ind2=" ">
    <subfield code="0">0</subfield>
    <subfield code="1">0</subfield>
    <subfield code="2">ddc</subfield>
    <subfield code="4">0</subfield>
    <subfield code="7">0</subfield>
    <subfield code="8">NFIC</subfield>
    <subfield code="a">QRP</subfield>
    <subfield code="b">QRP</subfield>
    <subfield code="d">2018-12-08</subfield>
    <subfield code="e">bpb &#x92A;&#x92C;&#x94D;&#x932;&#x93F;&#x915;&#x947;&#x936;&#x928; </subfield>
    <subfield code="g">99.00</subfield>
    <subfield code="l">0</subfield>
    <subfield code="o">621.384560288 &#x92E;&#x93E;&#x901;&#x921;&#x930;&#x94D;&#x928;</subfield>
    <subfield code="p">B-237553</subfield>
    <subfield code="r">2018-12-08 00:00:00</subfield>
    <subfield code="v">99.00</subfield>
    <subfield code="w">2018-12-08</subfield>
    <subfield code="y">HN</subfield>
  </datafield>
</record>
